| 000 | 00699ngm a22002177a 4500 | ||
|---|---|---|---|
| 005 | 20170224092047.0 | ||
| 008 | 150317b xxu||||| |||| 00| 0 spa d | ||
| 041 | _aspa | ||
| 082 | _a307 DVD | ||
| 110 |
_aLínea Diamante _940659 |
||
| 245 | _aObesidad: opiniones médicas y consejos para tu salud | ||
| 300 | _a40 minutos | ||
| 500 | _aEl vídeo presenta estadísticas, causas y consecuencias de la obesidad en México. Se toca el tema de la obesidad infantil | ||
| 650 |
_aOBESIDAD - MÉXICO _940660 |
||
| 650 |
_aCONSEJOS _94049 |
||
| 650 |
_aCAUSAS _9293 |
||
| 650 |
_aCONSECUENCIAS _920808 |
||
| 650 |
_aENFERMEDADES ASOCIADAS _94273 |
||
| 650 |
_aOBESIDAD INFANTIL _940661 |
||
| 942 | _cDVD | ||
| 999 |
_c3991 _d3991 |
||